Total Drama Action Themes - Statistics

General Stats
  • This quiz has been taken 30 times
  • The average score is 13 of 22
Answer Stats
Answer % Correct
Alien
86%
Monster
86%
Horror
82%
Superhero
73%
Beach
64%
Space
64%
War
64%
Mystery
59%
Prison
59%
Sports
59%
Spy
59%
Animal Buddy
55%
Fairytale
55%
Western
55%
Prehistoric
50%
Rock and Roll
50%
Drama
45%
Heist
45%
Pirate
45%
Medical
41%
Kung Fu
36%
Natural Disaster
32%
No matching quizzes found
Score Distribution
Percent of People with Each Score
Percentile by Number Answered
Your Score History
You have not taken this quiz